Statistics for Give a Synonym

Click here to take the quiz!

General Stats

  • This quiz has been taken 637 times
  • The average score is 8 of 20

Answer Stats

WordDefinition% Correct
Banalboringly unoriginal
67%
Tepidonly slightly warm
67%
Candidhonest, unposed
65%
Venerableworthy of respect
64%
Raucousdisturbingly noisy
59%
Zealousenergetic and enthusiastic
55%
Gregariousenjoying company
46%
Drollodd and amusing
44%
Eclecticderived from diverse sources
41%
Ubiquitousfound everywhere
38%
Quintessentialbeing a perfect example
32%
Winsomepleasant and attractive
30%
Pernicioussubtly harmful
30%
Arcanenot widely known
29%
Hermeticinsulated, airtight
25%
Mordantbiting or corrosive
24%
Floridhighly decorated
23%
Nugatoryinvalid, worthless
21%
Laconicusing few words
18%
Salaciousshowing indecent enjoyment
17%

Score Distribution

Percentile by Number Answered

Percent of People with Each Score

Your Score History

You have not taken this quiz